Hurricane - Bob Dylan (Lyrics) - Statistics

General Stats
  • This quiz has been taken 189 times
  • The average score is 304 of 497
Answer Stats
Answer % Correct
a
96%
“A
96%
the
96%
The
96%
“I
95%
I
95%
he
94%
He
94%
of
94%
in
92%
In
92%
be
90%
champion
90%
Hurricane
90%
to
90%
To
90%
who
90%
on
89%
world
89%
do
88%
have
88%
man
88%
men
88%
night
87%
night?”
87%
one
87%
“One
87%
“one”
87%
story
87%
been
86%
could
86%
out
86%
for
85%
For
85%
for?
85%
that
85%
That
85%
was
85%
go
84%
so
84%
So
84%
all
83%
all”
83%
All
83%
An
83%
her
83%
some
83%
they
83%
They
83%
up
83%
Up
83%
blame
82%
came
82%
authorities
81%
but
81%
But
81%
never
81%
time
81%
cell
80%
done
80%
Here
80%
here
80%
and
79%
And
79%
“and
79%
bar?”
79%
prison
79%
somethin’
79%
black
78%
cop
78%
Cop
78%
it
78%
it”
78%
said
78%
shots
78%
you
78%
“You
78%
You
78%
did
77%
his
77%
me
77%
Put
77%
put
77%
see
77%
them
77%
this
77%
is
76%
just
76%
Just
76%
my
76%
“My
76%
say
76%
then
76%
car
75%
car?”
75%
no
75%
No
75%
ring
75%
Patty
74%
with
74%
With
74%
from
73%
killed
73%
She
73%
When
73%
when
73%
blood
72%
cops”
72%
cops
72%
Cops
72%
saw
72%
Valentine
72%
white
72%
white”
72%
comes
71%
him
71%
Him
71%
not
71%
Pistol
71%
We
71%
call
70%
had
70%
Had
70%
pool
70%
your
70%
are
69%
as
69%
didn’t
69%
God
69%
hand?
69%
what
69%
like
68%
ain’t
67%
New
67%
only
67%
us
67%
about
66%
“Don’t
66%
don’t
66%
Enter
66%
hall
66%
name
66%
pulled
66%
Rubin
66%
way
66%
Carter
65%
Cries
65%
deed
65%
down
65%
free
65%
guilty
65%
guy”
65%
If
65%
says
65%
Says
65%
they’ve
65%
told
65%
Where
65%
where
65%
you’re
65%
back
64%
head
64%
I’d
64%
Jersey
64%
murder
64%
over
64%
street
64%
talk
64%
took
64%
before
63%
crazy
63%
jail
63%
might
63%
road
63%
robbin’
63%
side
63%
though
63%
understand”
63%
around
62%
Bello
62%
dead”
62%
hardly
62%
hope
62%
identify
62%
lights
62%
nigger
62%
register
62%
sees
62%
well
62%
barroom
61%
better
61%
that’s
61%
Three
61%
another
60%
bartender
60%
boy
60%
bring
60%
friend
60%
getaway
60%
hands
60%
hot
60%
one’s
60%
show
60%
their
60%
things
60%
town
60%
two
60%
want
60%
“Why
60%
drivin’
59%
got
59%
into
59%
shit
59%
were
59%
we’re
59%
fellow
58%
flashin’
58%
forget
58%
heat
58%
scene
58%
there
58%
trigger
58%
upper
58%
boys
57%
gun
57%
looked
57%
punch
57%
“Remember
57%
runnin’
57%
arrive
56%
ass
56%
calls
56%
eye
56%
idea
56%
“It’s
56%
it’s
56%
minute
56%
nice
56%
pin
56%
red
56%
try
56%
“Wait
56%
couple
55%
folks
55%
Jim”
55%
part
55%
throws
55%
use
55%
D.A.
54%
friends
54%
Gentleman
54%
“I’m
54%
lookin’
54%
much
54%
does
53%
doubted
53%
Four
53%
game
53%
jury
53%
middleweight
53%
mornin’
53%
sure”
53%
take
53%
wanna
53%
Bradley
52%
draw
52%
dyin’
52%
he’d
52%
he’s
52%
hospital
52%
job
52%
lyin’
52%
mysteriously
52%
named
52%
pay
52%
plates”
52%
work”
52%
ball
51%
bodies
51%
law?”
51%
movin’
51%
nodded
51%
really
51%
somebody
51%
won’t
51%
agreed
50%
America
50%
break
50%
fighter
50%
happened
50%
infirmary
50%
triple
50%
turn
50%
brought
49%
clear
49%
‘Less
49%
Meanwhile
49%
Paterson
49%
Rubin’s
49%
think
49%
“Think
49%
crown
48%
Dexter
48%
fightin’
48%
give
48%
How
48%
judge
48%
jumped
48%
later
48%
son
48%
stops
48%
talkin’
48%
till
48%
trial
48%
bitch
47%
chance
47%
hell
47%
kinda
47%
Miss
47%
months
47%
mouse
47%
play
47%
guess
46%
justice
46%
out-of-state
46%
through
46%
While
46%
away
45%
can
45%
contender
45%
life
45%
living
45%
middleweights
45%
pig
45%
soon
45%
South
45%
air
44%
brave
44%
braver
44%
circus
44%
innocent
44%
lied
44%
looks
44%
paradise
44%
such
44%
tried
44%
Arthur
43%
far
43%
gettin’
43%
jailhouse
43%
leavin’”
43%
live
43%
sits
43%
testified?
43%
you’d
43%
crime
42%
fool’s
42%
palm
42%
poor
42%
produce
42%
upstairs
42%
haul
41%
land
41%
motel
41%
Now
41%
still
41%
watch
41%
along
40%
Buddha
40%
falsely
40%
ghettos
40%
ride
40%
stir
40%
advance
39%
all-white
39%
cards
39%
favor
39%
Number
39%
sun
39%
both
38%
revolutionary
38%
robbery
38%
society
38%
You’ll
38%
doin’
37%
drink
37%
marked
37%
rap
37%
ten-foot
37%
went
37%
criminals
36%
flame
36%
martinis
36%
rise
36%
Alfred
35%
ashamed
35%
bum
35%
framed
35%
make
35%
Bradley’s
34%
wounded
34%
feel
33%
help
33%
horse
33%
couldn’t
31%
made
31%
obviously
31%
trail”
31%
witnesses
31%
watched
30%
slums
29%
Yes
29%
partner
28%
prowlin’
28%
flow
27%
newspapers
27%
ties
27%
baldly
25%
drunkards
25%
puttin’
25%
streams
25%
coats
24%
screws
23%
trout
19%
No matching quizzes found
Score Distribution
Percent of People with Each Score
Percentile by Number Answered
Your Score History
You have not taken this quiz